000
00239nam a2200097Ia 4500
001
722074
005
20250826163304.0
008
250824s9999 xx 000 0 und d
245
0
_a
EFSANE TUTSAK
_c
JACK SAILOR
260
_b
GENÇ HAYAT YAYINLARI
999
_c
722074
_d
722074